000 00465nam a2200181Ia 4500
008 090124s9999 xx 000 0 und d
082 _b124410
100 _aमेहता शशिकला
245 _a तुळसा
250 _a1
260 _c1991
300 _a207
600 _aमेहता शशिकला
630 _a तुळसा
700 _aमेहता शशिकला
730 _a तुळसा
942 _cBOOK
999 _c170497
_d170497